[Event "ESP-ch U16 Rapid"]
[Site "Salobrena"]
[Date "2022.07.31"]
[Round "6"]
[White "Borruel Lopez, Mateo"]
[Black "Perez Travieso, Saul"]
[Result "0-1"]
[WhiteElo "1418"]
[BlackElo "1679"]
[PlyCount "118"]
[EventDate "2022.07.30"]
[EventType "swiss (rapid)"]
[EventRounds "9"]
[EventCountry "ESP"]
[SourceTitle "EXT 2023"]
[Source "ChessBase"]
[SourceDate "2022.10.05"]
[SourceVersion "1"]
[SourceVersionDate "2022.10.05"]
[SourceQuality "1"]

1. e4 c6 2. Nc3 d5 3. Nf3 dxe4 4. Nxe4 Nf6 5. Ng3 Bg4 6. h3 Bxf3 7. Qxf3 e6 8. b3 Nbd7 9. Bb2 Bd6 10. Be2 0-0 11. Nh5 Nxh5 12. Qxh5 Nf6 13. Qg5 Be7 14. h4 Qd5 15. Qxd5 exd5 16. f3 Nh5 17. Kf2 Nf4 18. Bf1 Bc5+ 19. d4 Bd6 20. g3 Nh5 21. f4 Rfe8 22. Be2 Rxe2+ 23. Kxe2 Nxg3+ 24. Kf3 Nxh1 25. Rxh1 Re8 26. c3 Re4 27. Bc1 f6 28. h5 b6 29. Be3 f5 30. Rg1 Kf7 31. a4 g6 32. hxg6+ hxg6 33. b4 a5 34. bxa5 bxa5 35. Rb1 Re7 36. Rb6 Rc7 37. Ra6 Ba3 38. Rxa5 Bb2 39. Bd2 Ke6 40. Ra6 Kd7 41. Ra8 Ke6 42. Re8+ Kf7 43. Rh8 Kg7 44. Rb8 Ba3 45. Rb6 c5 46. Be3 c4 47. Rb5 Rd7 48. a5 Kf7 49. a6 Be7 50. Bc1 Ra7 51. Ra5 Ke6 52. Ba3 Bd8 53. Ra4 Bb6 54. Bc5 Bxc5 55. dxc5 Kd7 56. Ke3 Kc6 57. Kd4 Re7 58. Rxc4 Re4+ 59. Kd3 Rxc4 0-1